000 00843nam a22002657a 4500
001 BR2010005212
003 BR-BrBNA
005 20230928103421.0
007 ta
008 230509b bl.||||| |||| 00| 0 por d
040 _aBR-BrBNA
_bpor
_cBiblioteca Nacional de Agricultura
041 _a(Por)
072 _aE50; C20
090 _ E50 BR2010005212
100 1 _aMezomo, A.M.(coord.)
110 1 _aAssociação Riograndense de Empreendimentos de Assistência Técnica e Extensão Rural, Porto Alegre, RS (Brasil)
245 1 _aFrente programática Rio Grande Jovem; juventude rural - novos caminhos
260 3 _aPorto Alegre, RS (Brasil):
_c2009.
300 _a15 p.
650 _aJUVENTUDE RURAL
650 _aEXTENSÃO RURAL
650 _aDESENVOLVIMENTO SUSTENTÁVEL
909 _a202309
_bLucia
_c55
_dLucia Elande
942 _cBK
999 _c75023
_d75023